Random questions -Genshin Impact #2 - Statistics

General Stats
  • This quiz has been taken 161 times
    13 since last reset
  • The average score is 8 of 10
Answer Stats
Hint Answer % Correct
How many regions are there currently released? Version 5.0 6
100%
Which region is Nahida the Achon of? Sumeru
100%
Playable Pyro Chef Xiangling
100%
Playable 'Adeptus' (Half, partial, full, or 'illuminated' count) Zhongli
100%
Whose the first Harbinger you meet? La Signora
92%
Inazuma Youkai Yae Miko, Kirara, Sara, Sayu, Gorou, Itto, Kokomi, and Mizukimizuk,
92%
Who has faked their death within the Archon Story? Morax / Zhongli
75%
How many types of Hilichurls are there? (Elite, Shielded, Elemental, Standard) 24
50%
The longest playable name Sangonomiya Kokomi
50%
Anemo/Electro/Geo/Hydro/Dendro/Pyro/Luno BLANK What's the blank word, or other name? Culus / Oculi / Full names(Dendroculus)
17%
No matching quizzes found
Score Distribution
Percent of People with Each Score
Percentile by Number Answered
Your Score History
You have not taken this quiz since the last reset